| 000 | 00322pam a2200121a 44500 | ||
|---|---|---|---|
| 008 | 230405s2001 xxu||||| |||| 00| 0 eng d | ||
| 041 | _aENG | ||
| 100 | _aAllen Walkar Read | ||
| 245 | _aWebster`s Comprehensive Dictionary | ||
| 260 |
_anew delhi _bC.B.S Publishers & Distributers _c2001 |
||
| 300 | _a1895 | ||
| 906 | _a4099 | ||
| 999 |
_c295442 _d295442 |
||